000 00304nam a22001337a 4500
008 170526b xxu||||| |||| 00| 0 eng d
020 _a3110127563
041 _aGER
080 _a004
100 _a27
101 _aSHKI
245 _aINFORMATIONS- UND WISSENVERARBEITUNG
_cBALZERT, H
942 _2udc
_cBK
999 _c14516
_d14516